000 00902nam a2200289 c 4500
003 BLK
005 20250801115110.0
008 180411b bul|||||r ||||||| ||bul||
010 _aKNG00191763000
040 _aBLK
041 _aBUL
_cBUL
080 _aБългарска литература
_b821.163.2
_x-1
_z821.163.2-1
100 _aДамянов, Дамян Петров
_9363661
139 _aДамянов, Дамян Петров
_bД 15
245 1 0 _aЛюбовна лирика
_cДамян Петров Дамянов.
257 _aBGR
260 София
_bСиринга
_c[1992]
300 _a80 с.
_bс ил.
_c20 см
380 _aX
500 _aОфс. изд.
852 _aЦб 168144
856 4 _qpdf
_u
856 4 _qpdf
_u
942 _cKNG
_n0
_07
944 _aCR
_c06.10.2016
_k30531
_lЦветелина Шанова
944 _aED
_c06.10.2016
_kЛюдмила_Стоянова
999 _c182838
_d182838